The noble scholar, jurist, historian


 His Excellency Dr. Abdul Wahhab bin Ibrahim Abu Sulaiman, may Allah have mercy on him.


 He was born in Umm Al-Qura in the year 1356 AH.

منهاج المسلم : (Record no. 10125)

MARC details
000 -LEADER
fixed length control field 01213cam a22003011i 4500
003 - CONTROL NUMBER IDENTIFIER
control field SA-RiAUC
005 - DATE AND TIME OF LATEST TRANSACTION
control field 20250720062639.0
008 - FIXED-LENGTH DATA ELEMENTS--GENERAL INFORMATION
fixed length control field 250719s1969 su g 00000 ara c
040 ## - CATALOGING SOURCE
Original cataloging agency SA-RiAUC
Language of cataloging ara
Transcribing agency SA-RiAUC
Description conventions rda
050 #4 - LIBRARY OF CONGRESS CALL NUMBER
Item number .J39 1969
082 04 - DEWEY DECIMAL CLASSIFICATION NUMBER
Classification number 210
Assigning agency SA-RiAUC
090 ## - LOCALLY ASSIGNED LC-TYPE CALL NUMBER (OCLC); LOCAL CALL NUMBER (RLIN)
Classification number (OCLC) (R) ; Classification number, CALL (RLIN) (NR) 210
Local cutter number (OCLC) ; Book number/undivided call number, CALL (RLIN) ج ز ا
100 1# - MAIN ENTRY--PERSONAL NAME
Personal name الجزائري، أبو بكر جابر،
Dates associated with a name 1921-2018
Relator term مؤلف.
245 10 - TITLE STATEMENT
Title منهاج المسلم :
Remainder of title كتاب عقائد وآداب وأخلاق وعبادات ومعاملات /
Statement of responsibility, etc. أبو بكر جابر الجزائري.
250 ## - EDITION STATEMENT
Edition statement الطبعة الثانية.
264 #1 - PRODUCTION, PUBLICATION, DISTRIBUTION, MANUFACTURE, AND COPYRIGHT NOTICE
Place of production, publication, distribution, manufacture المدينة المنورة :
Name of producer, publisher, distributor, manufacturer أبوبكر جابر الجزائري،
Date of production, publication, distribution, manufacture, or copyright notice 1969
300 ## - PHYSICAL DESCRIPTION
Extent 575 صفحة ؛
Dimensions 25 سم
336 ## - CONTENT TYPE
Content type term نص
Content type code txt
Source rdacontent
Materials specified كتاب
337 ## - MEDIA TYPE
Media type term بدون وسيط
Media type code n
Source rdamedia
338 ## - CARRIER TYPE
Carrier type term مجلد
Carrier type code nc
Source rdacarrier
650 #7 - SUBJECT ADDED ENTRY--TOPICAL TERM
Topical term or geographic name entry element الإسلام
Form subdivision متفرقات
Source of heading or term aucsh
650 #7 - SUBJECT ADDED ENTRY--TOPICAL TERM
Topical term or geographic name entry element الأخلاق الإسلامية
Source of heading or term aucsh
650 #7 - SUBJECT ADDED ENTRY--TOPICAL TERM
Topical term or geographic name entry element المعاملات (فقه إسلامي)
Source of heading or term aucsh
650 #7 - SUBJECT ADDED ENTRY--TOPICAL TERM
Topical term or geographic name entry element العبادات (فقه إسلامي)
Source of heading or term aucsh
653 ## - INDEX TERM--UNCONTROLLED
Uncontrolled term الديانات
942 ## - ADDED ENTRY ELEMENTS (KOHA)
Source of classification or shelving scheme Dewey Decimal Classification
Koha item type Books
Suppress in OPAC No
949 ## - LOCAL PROCESSING INFORMATION (OCLC)
a SA-JeALM
d 250719
u mohamedma123
n 1
Holdings
Withdrawn status Lost status Source of classification or shelving scheme Damaged status Not for loan Home library Current library Date acquired Total checkouts Full call number Barcode Date last seen Price effective from Koha item type
    Dewey Decimal Classification     DR AbdElwahab Library DR AbdElwahab Library 07/20/2025   210 ج ز ا 000016421 07/20/2025 07/20/2025 Books